00705cam a2200205Ia 4500020001800000020001500018040000800033082002600041245005700067260007600124300004900200490005200249500004100301650001700342650001100359650002400370700002300394700002100417710006100438 a9789251079782 a9251079781 cDKU a639 FOO 2013 A056 Or.00aOn-farm feeding and feed management in aquaculture / aRome :bFood and Agriculture Organization of the United Nations,c2013. ax, 67 p. :bcol. ill. ;c30 cm. +e1 CD-ROM.1 aFAO fisheries and aquaculture technical paper ; aIncludes 1 CD-ROM in pocket at back. 0aAquaculture. 0aFishes 0aFishery management.1 aHasan, Mohammad R.1 aNew, Michael B.,2 aFood and Agriculture Organization of the United Nations.